Quizzes
Events
Quiz Creation
Community
Videos
Private Events
Remove Ads
Sign In
Join for FREE
Feedback
Dark Mode
Quiz Categories
Sports
Geography
Music
Movies
Television
Just For Fun
Miscellaneous
History
Literature
Language
Science
Gaming
Entertainment
Religion
Holiday
For Kids
Quiz Lab
Recent
Popular Today
Quiz Kudos Today
Editor Picks
Curator Picks
Quizzes by...
Day
Popularity
Type
Ratings
Length
Year
Community
Subscriptions
Recent Discussions
Orange Saloon
Badges
Playlists
Quests
Create
Leaderboards
Showdown
Live 5
Trivia Bingo
Activity
Puzzle Library
Sporcle Events
Private Events
Virtual Trivia
Globe League
Become a Host
Pub Owners
SporcleCon
Opinionation
Our Games
Videos
Blog
Mobile Apps
Partnerships
Remove Ads and Go Orange
Feedback
Language
Vocabulary
Begins and Ends
Definition
Spanish
French
German
Italian
Chinese
Latin
Translation
Japanese
Language
Vocabulary
Begins and Ends
Definition
Spanish
French
German
Italian
Chinese
Latin
Translation
Japanese
Random Quiz
Search Sporcle
×
Quiz Lab
Quiz Lab
Language
Italian
Select answers by clicking on text or image buttons
Select answers by clicking on text or image buttons
Clickable
Best Score? Go Orange.
Italian Verbs (flash cards) Stats
Can you pick the correct translations of fifty Italian verbs?
By
Arthur_Ramsay
10m
50 Questions
361 Plays
361 Plays
361 Plays
Comments
Comments
Give Quiz Kudos
Give Quiz Kudos
-
- Ratings
hide this ad
Forced Order
Answers have to be entered in order
Answers have to be entered in order
Replay
Link that replays current quiz
Next Quiz
Link to next quiz in quiz playlist
You Got
0%
They Got
Avg Score
77%
Avg Friend Score
Upgrade to see
Score Distribution
Jump to the score distribution portion of the page
Score
0/50
Timer
10:00
0
Plays Today
% Correct
arrivare
90.9%
mangiare
90.9%
rispondere
89.8%
bere
89.5%
morire
89.5%
scrivere
89.2%
finire
88.6%
parlare
88.6%
vivere
87.8%
discutere
86.7%
essere
85.9%
leggere
85.3%
lavare
85%
aprire
84.8%
pensare
84.8%
spendere
84.8%
giocare
84.5%
cominciare
83.1%
fare
83.1%
pagare
82.5%
chiamarsi
82%
comprare
80.9%
volere
80.1%
avere
79.5%
sentire
79.2%
% Correct
credere
78.7%
piacere
77.8%
venire
76.7%
entrare
75.9%
dare
75.3%
andare
73.4%
stare
73.4%
capire
72.9%
perdere
72.3%
conoscere
72%
trovare
70.1%
prendere
69.8%
portare
69%
mettere
68.1%
cercare
67.6%
potere
66.5%
chiedere
64.8%
partire
64.5%
guardare
63.7%
dovere
63.4%
sapere
63.4%
tenere
62.6%
uscire
61.5%
vedere
59.8%
lasciare
55.7%
Quiz Playlist
Details
Report
Send in Message
Add To Playlist
Clickable:
Select answers by clicking on text or image buttons
Forced Order:
Answers have to be entered in order
Last Updated: Feb 16, 2017
Quiz Scoreboard
CHALLENGE
Sign Up to Join the Scoreboard
Show All
Scores
Hide
Comments
May contain spoilers
Recently Published
Pick 6: Fruits
by JohnFran
Miscellaneous
15s
Click the 1999 NBA Draft
by nibperrychub
Sports
2m
Alphabetical 'K' Countries by Flag Minefield
by ylime102
Geography
3m
More to Explore
Quiz From the Vault
Featured Blog Post
15 Basketball Trivia Facts You Can Be March Mad About
hide this ad
You Might Also Like...
Tags
Italian Quiz
Verbi
Verbs
Today's Top Quizzes in Language
Browse Language
hide this ad
Today's Top Quizzes in Italian
Browse Italian
Top Contributed Quizzes in Language
1
Einsilbige Reime auf Chips
2
Linguistic Evolution! (V)
3
Trivia Jigsaw: Language
4
Guess the Word in 3 Words
5
One-Minute Crossword CCLVI
6
Here... Let me make up a word for that
7
Hiragana Speed Reading
8
1960s Slang
9
AP Lang. Literary Terms
10
One-Minute Crossword CCLV
Explore More
Trending Topics
Kpop
Disney
Crossword
Marvel
Anime
Harry Potter
NBA
Soccer
The Office
Pokémon
NFL
WWE
Puzzle
Country
Song
hide this ad
More By:
Arthur_Ramsay
Quiz
Plays
Rating
Category
Featured
Created
Italian Verbs (flash cards)
361
4.00
Language
Apr 8, 2012
Go to Creator's Profile
Score Distribution
Quiz Creator Spotlight
Arthur_Ramsay
Follow
Send a Message
Quizzes Created
-
Created Quiz Play Count
-
More By This Creator
Popular Quizzes Today
1
Find the US States - No Outlines Minefield
2
Countries of Asia Without Outlines Minefield
3
Pick 6: Fruits
4
Alphabetical 'K' Countries by Flag Minefield
5
The Countries of the World
6
Click the 1999 NBA Draft
7
Match the Book to the Film X
8
Find the US States
More Language Quizzes
Slang of the 60s
Published
Trending Quizzes
Pick 6: Harry Potter
Pick 6: Golfers
Donkey Kong Minefield
DC Extended Universe: Oldest to Newest
Multiplication Danger Zone
Recently Updated
Women's Final Four Teams by Year
bhenderson79
Presidents Quartet II
eogle
Anything But Clue(do)
eogle
Anything But Oceanian Capitals
eogle
Anything But 7
eogle
Anything But Thing
eogle
Word Ladder: February 29
pecheneg
Song Title Questions
pecheneg
Women's NCAA Tournament #1 Seeds
pecheneg
Celebrity Mug Shots
pecheneg
Trending Topics
Marvel
Harry Potter
NBA
Disney
Kpop
Crossword
Anime
Puzzle
Song
NFL
Pokémon
The Office
Soccer
Country
WWE
Your Account Isn't Verified!
In order to create a playlist on Sporcle, you need to verify the email address you used during registration. Go to your
Sporcle Settings
to finish the process.
Report this User
Report this user for behavior that violates our
Community Guidelines
.
Details:
Send Report
Go to the Sporcle.com Mobile Site →
Comments